[Event "Asian Nations Cup w 2016"]
[Site "Abu Dhabi UAE"]
[Date "2016.04.03"]
[Round "7.3"]
[White "Hejazipour, Mitra"]
[Black "Tan, Zhongyi"]
[Result "1/2-1/2"]
[WhiteTitle "WGM"]
[BlackTitle "WGM"]
[WhiteElo "2332"]
[BlackElo "2518"]
[WhiteTeam "Iran"]
[BlackTeam "China"]
[WhiteFideId "12505951"]
[BlackFideId "8603642"]
[EventDate "2016.03.28"]
[EventType "team"]

1. c4 Nf6 2. Nf3 g6 3. Nc3 Bg7 4. e4 d6 5. d4 O-O 6. Be2 e5 7. Be3 Ng4 8. Bg5 f6
9. Bh4 g5 10. Bg3 Nh6 11. dxe5 dxe5 12. h3 c6 13. O-O Be6 14. Qc2 Qe7 15. Rfd1
Nd7 16. Bh2 Rfd8 17. Rd2 Nf7 18. Nd1 a5 19. Ne3 Nd6 20. Ne1 Nc5 21. f3 Bf7 22.
Rad1 Bg6 23. Nf5 Nxf5 24. exf5 Bf7 25. Kh1 Bf8 26. Bg1 Rxd2 27. Qxd2 Qc7 28. b3
e4 29. Qd4 exf3 30. Nxf3 Re8 31. Bd3 Rd8 32. Qe3 Qe7 33. Qxe7 Bxe7 34. Re1 Bf8
35. Bc2 Re8 36. Rxe8 Bxe8 37. Bd4 Kf7 38. Kg1 Bd6 39. Kf2 Ke7 40. Bc3 Bc7 41. a3
h5 42. Nd2 h4 43. Ne4 1/2-1/2

[Event "Asian Nations Cup w 2016"]
[Site "Abu Dhabi UAE"]
[Date "2016.04.03"]
[Round "7.4"]
[White "Lei, Tingjie"]
[Black "Alavi, Homa"]
[Result "1-0"]
[WhiteTitle "WGM"]
[WhiteElo "2495"]
[BlackElo "1974"]
[WhiteTeam "China"]
[BlackTeam "Iran"]
[WhiteFideId "8605114"]
[BlackFideId "12507547"]
[EventDate "2016.03.28"]
[EventType "team"]

1. c4 e6 2. g3 d5 3. Bg2 Nf6 4. Nf3 Be7 5. d4 O-O 6. Qc2 dxc4 7. Qxc4 a6 8. Qc2
Bd7 9. O-O Bc6 10. Nc3 b5 11. Bg5 Nbd7 12. Rfd1 b4 13. Na4 Be4 14. Qc1 Nd5 15.
Bd2 Qc8 16. Ne1 Bxg2 17. Nxg2 c5 18. e4 N5f6 19. dxc5 Qc6 20. b3 Nxe4 21. Bxb4
Ndxc5 22. Qc4 Rac8 23. Nxc5 Bxc5 24. Bxc5 Nxc5 25. Rac1 Qb7 26. Qd4 e5 27. Qd6
Qf3 28. Ne1 Qxf2+ 29. Kxf2 Ne4+ 30. Ke3 Nxd6 31. Rxc8 Nxc8 32. Rd5 Re8 33. Nd3
e4 34. Nb4 g6 35. Nxa6 Nb6 36. Rd6 Nc8 37. Rd4 f5 38. Nc7 Rf8 39. a4 Ne7 40. Rc4
Kf7 41. b4 Rc8 42. Rc5 Kf6 43. Ke2 g5 44. a5 Rb8 45. b5 Nc8 46. Na6 Ra8 47. b6
Nd6 48. Nc7 Rb8 49. a6 Rxb6 50. Nd5+ 1-0

[Event "Asian Nations Cup w 2016"]
[Site "Abu Dhabi UAE"]
[Date "2016.04.03"]
[Round "7.1"]
[White "Saleh, Nora Mohd"]
[Black "Al-Harmoudi, Mona"]
[Result "1-0"]
[WhiteTitle "WIM"]
[BlackTitle "WIM"]
[WhiteElo "1920"]
[BlackElo "1694"]
[WhiteTeam "UAE - 1"]
[BlackTeam "UAE - 2"]
[WhiteFideId "9301607"]
[BlackFideId "9301631"]
[EventDate "2016.03.28"]
[EventType "team"]

1. d4 Nf6 2. c4 c5 3. d5 b5 4. cxb5 a6 5. b6 Qxb6 6. Nc3 g6 7. Nf3 d6 8. e4 Bg7
9. a4 O-O 10. a5 Qc7 11. Be2 Nbd7 12. Nd2 Bb7 13. Nc4 e6 14. dxe6 Nxe4 15. Nxe4
d5 16. exd7 dxc4 17. Bf3 Bd4 18. O-O Rfd8 19. Qc2 Rxd7 20. Qxc4 Qe5 21. Qc2 Re8
22. Nd2 Qf6 23. Bxb7 Rxb7 24. Nc4 Rbe7 25. Be3 Qh4 26. Rad1 Be5 27. Nxe5 Rxe5
28. b3 Rh5 29. h3 g5 30. Rd5 Rxe3 31. fxe3 Qg3 32. Rd8+ Kg7 33. Qc3+ 1-0

[Event "Asian Nations Cup w 2016"]
[Site "Abu Dhabi UAE"]
[Date "2016.04.03"]
[Round "7.2"]
[White "Shaikha, Abdallah Aldhaheri"]
[Black "Al-Zarouni, Kholoud Essa"]
[Result "1-0"]
[BlackTitle "WIM"]
[WhiteElo "1587"]
[BlackElo "1861"]
[WhiteTeam "UAE - 2"]
[BlackTeam "UAE - 1"]
[WhiteFideId "9305343"]
[BlackFideId "9301194"]
[EventDate "2016.03.28"]
[EventType "team"]

1. d4 Nf6 2. Nf3 c5 3. d5 e6 4. dxe6 fxe6 5. c4 Nc6 6. e3 Be7 7. Be2 O-O 8. O-O
d5 9. Na3 a6 10. Nc2 Ne4 11. Nd2 Nd6 12. b3 Bf6 13. Rb1 b5 14. Bf3 Ne7 15. e4
Bb7 16. cxd5 exd5 17. exd5 Bxd5 18. Ne3 Bxf3 19. Nxf3 Ne4 20. Bb2 Bxb2 21. Rxb2
Qxd1 22. Rxd1 Rad8 23. Kf1 Nf5 24. Re1 Nd4 25. Nxd4 cxd4 26. Nd1 Nc5 27. Rd2 Kf7
28. Re5 Ne6 29. Nb2 Kf6 30. Nd3 Rd6 31. f3 Rc8 32. Re1 Rc3 33. Rc1 b4 34. Re1 a5
35. Nf2 Nc5 36. Ne4+ Nxe4 37. Rxe4 d3 38. Kf2 Rc1 39. Re3 Rc2 40. Ke1 Re6 41.
Rxe6+ Kxe6 42. Rxc2 dxc2 43. Kd2 Kd5 44. Kxc2 Kd4 45. Kd2 g5 46. g3 h5 47. h4 g4
48. fxg4 hxg4 49. h5 Ke5 50. h6 Kf6 51. h7 Kg7 52. Ke3 1-0

[Event "Asian Nations Cup w 2016"]
[Site "Abu Dhabi UAE"]
[Date "2016.04.03"]
[Round "7.3"]
[White "Abeer, Ali"]
[Black "Jehad, Aysha"]
[Result "0-1"]
[WhiteTitle "WCM"]
[WhiteElo "1644"]
[BlackElo "1597"]
[WhiteTeam "UAE - 1"]
[BlackTeam "UAE - 2"]
[WhiteFideId "9302930"]
[BlackFideId "9303286"]
[EventDate "2016.03.28"]
[EventType "team"]

1. e4 c5 2. Nc3 Nc6 3. f4 g6 4. Nf3 Bg7 5. Bb5 Nd4 6. O-O a6 7. Bc4 e6 8. a4 Ne7
9. e5 d5 10. Bd3 Nec6 11. Nxd4 Nxd4 12. Ne2 Nxe2+ 13. Bxe2 d4 14. d3 O-O 15. Bf3
Rb8 16. Qe1 f6 17. Bg4 fxe5 18. fxe5 Rxf1+ 19. Kxf1 Bd7 20. Kg1 Qc7 21. Bf4 Rf8
22. Bg3 Kh8 23. b3 Bc6 24. Qe2 Qd7 25. Rf1 Rxf1+ 26. Qxf1 Qe7 27. Qf2 Qg5 28.
Bxe6 Qc1+ 29. Qf1 Qxc2 30. Bh4 Qd2 31. Bf6 Qe3+ 32. Kh1 Qh6 33. Bxg7+ Qxg7 34.
Qf6 h5 35. Bf7 Kh7 36. h4 Qxf6 37. exf6 b5 38. a5 Bd7 39. Bd5 Kh8 40. Bb7 c4 41.
dxc4 bxc4 42. bxc4 d3 43. Be4 d2 44. Bc2 Bg4 45. c5 d1=Q+ 46. Bxd1 Bxd1 47. c6
Ba4 48. c7 Bd7 49. Kh2 Kg8 50. Kg3 Kf7 51. Kf4 Kxf6 52. g3 Bf5 53. Ke3 Ke5 0-1

[Event "Asian Nations Cup w 2016"]
[Site "Abu Dhabi UAE"]
[Date "2016.04.03"]
[Round "7.4"]
[White "Bashaer, Khalil"]
[Black "Wadima, Humaid S H AlKalbani"]
[Result "1/2-1/2"]
[WhiteTitle "WCM"]
[BlackTitle "WFM"]
[WhiteElo "1549"]
[BlackElo "1629"]
[WhiteTeam "UAE - 2"]
[BlackTeam "UAE - 1"]
[WhiteFideId "9304843"]
[BlackFideId "9304541"]
[EventDate "2016.03.28"]
[EventType "team"]

1. e4 e5 2. Nc3 Nc6 3. Bc4 Na5 4. d3 Nxc4 5. dxc4 Bb4 6. Bd2 Nf6 7. Qe2 d6 8. h3
Be6 9. Nf3 O-O 10. O-O Bxc3 11. Bxc3 Ne8 12. Rad1 f5 13. Bxe5 Qc8 14. Bc3 fxe4
15. Qxe4 Bf5 16. Qd5+ Be6 17. Qe4 Bf5 18. Qe2 Nf6 19. Rd4 Qd7 20. Rf4 Rae8 21.
Qd1 Kh8 22. Nh4 Ne4 23. Bxg7+ Qxg7 24. Rxf5 Qxb2 25. Rxf8+ Rxf8 26. Qh5 Rg8 27.
Qd5 Nf6 28. Qf7 Rg7 29. Qf8+ Rg8 30. Qe7 Rg7 31. Qf8+ Rg8 32. Qf7 Rg7 33. Qf8+
Rg8 34. Qf7 Rg7 35. Qf8+ Rg8 1/2-1/2

[Event "Asian Nations Cup w 2016"]
[Site "Abu Dhabi UAE"]
[Date "2016.04.03"]
[Round "7.1"]
[White "Tania, Sachdev"]
[Black "Ranasinghe, S D"]
[Result "1-0"]
[WhiteTitle "IM"]
[BlackTitle "WIM"]
[WhiteElo "2370"]
[BlackElo "1740"]
[WhiteTeam "India"]
[BlackTeam "Sri Lanka"]
[WhiteFideId "5007844"]
[BlackFideId "9902651"]
[EventDate "2016.03.28"]
[EventType "team"]

1. d4 d5 2. c4 e6 3. Nc3 Nf6 4. cxd5 exd5 5. Bg5 Be7 6. e3 O-O 7. Qc2 Re8 8. Bd3
h6 9. Bf4 Nc6 10. a3 Nh5 11. Be5 Bf8 12. O-O-O Nxe5 13. dxe5 Rxe5 14. Nf3 Re6
15. Bh7+ Kh8 16. Rxd5 Rd6 17. Rxh5 g6 18. Bxg6 fxg6 19. Rc5 Bf5 20. e4 Rd7 21.
Re5 Bg4 22. Rd5 Rxd5 23. Nxd5 Bxf3 24. gxf3 c6 25. Ne3 Qf6 26. Rd1 Bg7 27. Rd7
b6 28. f4 Qxf4 29. Qxc6 Rg8 30. Rd2 Qxh2 31. Kb1 Qe5 32. Qxg6 Bf8 33. Qc6 h5 34.
Rd5 Qxe4+ 35. Ka2 Qg6 36. Qb5 Qf7 37. Nc4 Bc5 38. Qc6 Kh7 39. Rd7 Qxd7 40. Qxd7+
Rg7 41. Qf5+ Kh6 42. Ne5 1-0

[Event "Asian Nations Cup w 2016"]
[Site "Abu Dhabi UAE"]
[Date "2016.04.03"]
[Round "7.2"]
[White "Udupitiya, U G S S S"]
[Black "Padmini, Rout"]
[Result "0-1"]
[BlackTitle "IM"]
[WhiteElo "1709"]
[BlackElo "2439"]
[WhiteTeam "Sri Lanka"]
[BlackTeam "India"]
[WhiteFideId "9904921"]
[BlackFideId "5029295"]
[EventDate "2016.03.28"]
[EventType "team"]

1. e4 c5 2. Nf3 e6 3. d4 cxd4 4. Nxd4 Nc6 5. Nc3 Qc7 6. Be3 a6 7. a4 Nf6 8. Be2
Bb4 9. f3 d5 10. O-O dxe4 11. fxe4 Bd6 12. h3 Nxd4 13. Qxd4 O-O 14. Rad1 Be5 15.
Qb4 Bd7 16. Bb6 Qc6 17. Bd4 a5 18. Qc4 Qxc4 19. Bxc4 Bxd4+ 20. Rxd4 Bc6 21. e5
Nd7 22. Re1 Rfd8 23. Nb5 Kf8 24. Rf4 Ke7 25. Nd6 Rf8 26. Nb5 h6 27. Rg4 g6 28.
Rd4 Rad8 29. b3 h5 30. Kf2 Nb6 31. Nd6 f6 32. Rf4 fxe5 33. Rxf8 Rxf8+ 34. Kg3
Kxd6 35. Rd1+ Ke7 36. Bd3 e4 37. Be2 Nd5 38. Bc4 Ne3 39. Rd4 Nf5+ 0-1

[Event "Asian Nations Cup w 2016"]
[Site "Abu Dhabi UAE"]
[Date "2016.04.03"]
[Round "7.3"]
[White "Soumya, Swaminathan"]
[Black "Wickramasinghe, Dilhara Ishini"]
[Result "1-0"]
[WhiteTitle "WGM"]
[BlackTitle "WFM"]
[WhiteElo "2384"]
[BlackElo "1757"]
[WhiteTeam "India"]
[BlackTeam "Sri Lanka"]
[WhiteFideId "5016193"]
[BlackFideId "9906738"]
[EventDate "2016.03.28"]
[EventType "team"]

1. e4 c5 2. Nf3 d6 3. d4 cxd4 4. Nxd4 Nf6 5. Nc3 g6 6. Be3 Bg7 7. f3 O-O 8. Qd2
Nc6 9. Bc4 Bd7 10. O-O-O Rc8 11. Bb3 Ne5 12. Kb1 Nc4 13. Bxc4 Rxc4 14. g4 Qc7
15. g5 Nh5 16. Nd5 Qd8 17. Ne2 Be6 18. b3 Rc8 19. Bd4 Bxd5 20. exd5 a5 21. Rhe1
a4 22. Ng3 axb3 23. cxb3 Bxd4 24. Qxd4 Ng7 25. h4 Qd7 26. Rd2 Nf5 27. Qg4 Rc7
28. Nxf5 Qxf5+ 29. Qxf5 gxf5 30. Rd4 Kg7 31. h5 h6 32. Rf4 hxg5 33. Rxf5 f6 34.
f4 gxf4 35. Rxf4 Kh7 36. Rc4 Rd7 37. Rce4 Rf7 38. Kc2 Rg7 39. Kd3 Kh6 40. Kc4
Kxh5 41. Kb5 Kg6 42. Kb6 Kf7 43. a4 Rg5 44. Rd4 Re5 45. Rh4 Rg5 46. b4 e5 47.
Rc4 Rg7 48. Rf1 Kg6 49. Rg4+ Kf7 50. Rxg7+ Kxg7 51. a5 Kg6 52. b5 f5 53. a6 bxa6
54. bxa6 f4 55. a7 Rxa7 56. Kxa7 Kf5 57. Kb6 e4 58. Kc6 Ke5 59. Rh1 f3 60. Rh5+
Kd4 61. Rf5 Ke3 62. Kxd6 Ke2 63. Ke5 e3 64. Ke4 f2 65. d6 Kd2 66. d7 e2 67. Rxf2
Kd1 68. d8=Q+ 1-0

[Event "Asian Nations Cup w 2016"]
[Site "Abu Dhabi UAE"]
[Date "2016.04.03"]
[Round "7.4"]
[White "Mendis, Dasuni Hansika"]
[Black "Kulkarni, Bhakti"]
[Result "0-1"]
[WhiteTitle "WCM"]
[BlackTitle "CM"]
[WhiteElo "1739"]
[BlackElo "2284"]
[WhiteTeam "Sri Lanka"]
[BlackTeam "India"]
[WhiteFideId "9907696"]
[BlackFideId "5019516"]
[EventDate "2016.03.28"]
[EventType "team"]

1. e4 g6 2. d4 Bg7 3. c4 d6 4. Nc3 e5 5. Nge2 exd4 6. Nxd4 Nc6 7. Be3 Nge7 8.
Qd2 O-O 9. Be2 f5 10. exf5 Nxf5 11. Nxf5 Bxf5 12. O-O Qf6 13. Rac1 Nd4 14. Bxd4
Qxd4 15. Qxd4 Bxd4 16. Bf3 Rab8 17. b3 g5 18. Nd5 Rf7 19. Rcd1 c5 20. Bh5 Rg7
21. Rfe1 Bd7 22. Re2 g4 23. Rde1 Rf8 24. Kf1 Be5 25. Rxe5 dxe5 26. Rxe5 Kh8 27.
Ne3 b6 28. Re4 Rfg8 29. Nd5 Bc6 30. Re5 Rg5 31. Rxg5 Rxg5 32. Bf7 Kg7 33. Be6
Bxd5 34. Bxd5 b5 35. g3 Kf6 36. Kg2 Ke5 37. f4+ gxf3+ 38. Kxf3 Rf5+ 39. Kg2 b4
40. g4 Rf6 41. h4 Ra6 42. Kg3 Rxa2 43. Bc6 Ra3 0-1

[Event "Asian Nations Cup w 2016"]
[Site "Abu Dhabi UAE"]
[Date "2016.04.03"]
[Round "7.1"]
[White "Nomin-Erdene, Davaademberel"]
[Black "Saduakassova, Dinara"]
[Result "1-0"]
[WhiteTitle "IM"]
[BlackTitle "WGM"]
[WhiteElo "2489"]
[BlackElo "2411"]
[WhiteTeam "Mongolia"]
[BlackTeam "Kazakhstan"]
[WhiteFideId "4900782"]
[BlackFideId "13700090"]
[EventDate "2016.03.28"]
[EventType "team"]

1. e4 e5 2. Nf3 Nc6 3. Bb5 a6 4. Ba4 Nf6 5. d3 d6 6. a3 g6 7. O-O Bg7 8. c3 O-O
9. Re1 h6 10. d4 b5 11. Bc2 exd4 12. cxd4 Bg4 13. d5 Ne5 14. Nbd2 Qc8 15. Re3
Re8 16. Rb1 c6 17. dxc6 Qxc6 18. Bb3 Nxf3+ 19. gxf3 Bh3 20. Nf1 Rad8 21. Rd3 d5
22. exd5 Qd6 23. Ng3 h5 24. Bg5 Qe5 25. Qd2 Nh7 26. f4 Qb8 27. Bxd8 Rxd8 28. Ne4
Bf5 29. f3 Bf8 30. d6 Bxe4 31. fxe4 Bxd6 32. e5 Bc5+ 33. Kh1 Rxd3 34. Qxd3 Nf8
35. Rd1 Qb7+ 36. Bd5 Qe7 37. f5 g5 38. e6 fxe6 39. fxe6 Bd6 40. Qf5 Kg7 41. Rf1
Bf4 42. h4 Ng6 43. hxg5 Qxg5 44. Qxg5 Bxg5 45. Rf7+ Kh6 46. Be4 Bh4 47. e7 Nxe7
48. Rh7+ 1-0

[Event "Asian Nations Cup w 2016"]
[Site "Abu Dhabi UAE"]
[Date "2016.04.03"]
[Round "7.2"]
[White "Abdumalik, Zhansaya"]
[Black "Munguntuul, Batkhuyag"]
[Result "1-0"]
[WhiteTitle "WGM"]
[BlackTitle "IM"]
[WhiteElo "2381"]
[BlackElo "2444"]
[WhiteTeam "Kazakhstan"]
[BlackTeam "Mongolia"]
[WhiteFideId "13703544"]
[BlackFideId "4900758"]
[EventDate "2016.03.28"]
[EventType "team"]

1. e4 e5 2. Nf3 Nc6 3. Bb5 Nge7 4. Nc3 g6 5. d4 exd4 6. Nd5 Bg7 7. Bg5 h6 8. Bf6
Bxf6 9. Nxf6+ Kf8 10. Nd5 Kg7 11. Bxc6 Nxc6 12. Nxd4 Re8 13. f3 Ne7 14. Nb5 Nxd5
15. Qxd5 d6 16. O-O-O Bd7 17. Qd4+ Kg8 18. Nc3 Qg5+ 19. Kb1 Be6 20. h4 Qc5 21.
Qd2 Kh7 22. g4 b5 23. Qf4 Qc6 24. h5 g5 25. Qf6 Qd7 26. Qd4 Qc6 27. Rhg1 Rab8
28. f4 Rg8 29. e5 dxe5 30. Qxe5 Rge8 31. Nd5 Bxd5 32. Qf5+ Kh8 33. Rxd5 gxf4 34.
Rgd1 Qe6 35. Qxf4 Rb6 36. a3 Rg8 37. Rf5 Rd6 38. Rxd6 Qxd6 39. Rxf7 Qxf4 40.
Rxf4 Rg5 41. c4 Kg7 42. cxb5 Rxb5 43. Ra4 a5 44. Rc4 c5 45. a4 Rb4 46. Rxb4 cxb4
47. Kc2 Kf6 48. Kd3 Kg5 49. Kc4 Kxg4 50. Kb5 Kxh5 51. Kxa5 Kg4 52. Kxb4 h5 53.
a5 1-0

[Event "Asian Nations Cup w 2016"]
[Site "Abu Dhabi UAE"]
[Date "2016.04.03"]
[Round "7.3"]
[White "Batchimeg, Tuvshintugs"]
[Black "Dauletova, Gulmira"]
[Result "1-0"]
[WhiteTitle "IM"]
[BlackTitle "WIM"]
[WhiteElo "2395"]
[BlackElo "2269"]
[WhiteTeam "Mongolia"]
[BlackTeam "Kazakhstan"]
[WhiteFideId "4900839"]
[BlackFideId "13702971"]
[EventDate "2016.03.28"]
[EventType "team"]

1. d4 Nf6 2. Nf3 d5 3. c4 e6 4. Nc3 Bb4 5. cxd5 exd5 6. Bg5 h6 7. Bh4 c5 8. e3
c4 9. Be2 Bf5 10. Ne5 Qa5 11. O-O Nc6 12. Bf3 g5 13. Bg3 Bxc3 14. bxc3 O-O 15.
Bg4 Bh7 16. Qf3 Qd8 17. Bf5 Bxf5 18. Qxf5 Ne4 19. Ng4 Kg7 20. f3 Ne7 21. Qe5+ f6
22. Qe6 Nxg3 23. hxg3 Rc8 24. Nf2 Rc6 25. Qg4 Qc8 26. Qxc8 Rfxc8 27. Rfb1 R8c7
28. e4 f5 29. e5 Kf7 30. a4 Ra6 31. Rb5 Ke6 32. Nd1 Rd7 33. Ne3 Nc6 34. g4 Ne7
35. gxf5+ Nxf5 36. Ng4 Rc7 37. Kf2 Rac6 38. Rh1 a6 39. Rbb1 b6 40. Nxh6 Rh7 41.
Nxf5 Rxh1 42. Rxh1 Kxf5 43. g4+ Kg6 44. Rb1 Kf7 45. Kg3 b5 46. axb5 Rb6 47. Ra1
axb5 48. Ra7+ Ke8 49. Rc7 b4 50. cxb4 Rxb4 51. Rc5 c3 52. Rxc3 Rxd4 53. Rc6 Kf7
54. Rf6+ Ke7 55. Rg6 Ra4 56. Rxg5 Ke6 57. f4 d4 58. Rg6+ Kd5 59. Rd6+ Ke4 60. e6
Ra3+ 61. Kh4 Kxf4 62. Rxd4+ Kf3 63. Kg5 Re3 64. Kf6 1-0

[Event "Asian Nations Cup w 2016"]
[Site "Abu Dhabi UAE"]
[Date "2016.04.03"]
[Round "7.4"]
[White "Zhylkaidarova, Sholpan"]
[Black "Amina, Battsooj"]
[Result "1/2-1/2"]
[WhiteTitle "WFM"]
[WhiteElo "2176"]
[BlackElo "2250"]
[WhiteTeam "Kazakhstan"]
[BlackTeam "Mongolia"]
[WhiteFideId "13700138"]
[BlackFideId "4902661"]
[EventDate "2016.03.28"]
[EventType "team"]

1. d4 Nf6 2. c4 e6 3. Nc3 d5 4. Nf3 Be7 5. Bf4 O-O 6. e3 Nbd7 7. Qc2 c6 8. Rd1
Re8 9. h3 b6 10. Bd3 Bb7 11. O-O h6 12. Ne5 Bf8 13. Rfe1 Qe7 14. e4 dxe4 15.
Nxe4 Nxe5 16. Bxe5 Nxe4 17. Bxe4 Qd7 18. Re3 Bd6 19. Rg3 Bxe5 20. dxe5 Qc7 21.
Rd6 c5 22. Bxb7 Qxb7 23. Qd2 Qe4 24. Qxh6 Qxe5 25. Rdd3 Rad8 26. Rxg7+ Qxg7 27.
Rg3 Qxg3 28. fxg3 Rd1+ 29. Kh2 Red8 30. g4 R8d6 31. Qf6 R1d4 32. b3 Rd2 33. Qe5
Rd7 34. g5 Rxa2 35. g6 Rdd2 36. gxf7+ Kxf7 37. h4 Rxg2+ 38. Kh3 Rh2+ 39. Kg4
Raf2 40. Qh5+ Ke7 41. Qh7+ Rf7 42. Qe4 Rhf2 43. Qb7+ Kf6 44. Qe4 Rd7 45. Qa8
Rg7+ 46. Kh3 Rfg2 47. Qf3+ Ke5 48. Qe3+ Kd6 49. Qf4+ Kd7 50. h5 R7g3+ 51. Kh4
Rg4+ 52. Qxg4 Rxg4+ 53. Kxg4 Ke7 54. Kf4 Kf6 55. h6 a6 56. h7 Kg7 57. Ke5 b5 58.
Kd6 bxc4 59. bxc4 e5 60. Kxc5 a5 61. Kb5 e4 62. c5 e3 63. c6 e2 64. c7 e1=Q 65.
h8=Q+ Kxh8 66. c8=Q+ Kg7 67. Qc7+ 1/2-1/2

[Event "Asian Nations Cup w 2016"]
[Site "Abu Dhabi UAE"]
[Date "2016.04.03"]
[Round "7.1"]
[White "Muminova, Nafisa"]
[Black "Pham, Le Thao Nguyen"]
[Result "1/2-1/2"]
[WhiteTitle "WGM"]
[BlackTitle "IM"]
[WhiteElo "2318"]
[BlackElo "2335"]
[WhiteTeam "Uzbekistan"]
[BlackTeam "Vietnam"]
[WhiteFideId "14201526"]
[BlackFideId "12401226"]
[EventDate "2016.03.28"]
[EventType "team"]

1. e4 e5 2. Nf3 Nc6 3. d4 exd4 4. Nxd4 Bc5 5. Nb3 Bb6 6. Nc3 d6 7. Qe2 Nf6 8.
Be3 Qe7 9. O-O-O Be6 10. g3 O-O-O 11. Bxb6 axb6 12. Bg2 Rhe8 13. Nd4 Nxd4 14.
Rxd4 Bd7 15. Rhd1 Qe5 16. Rb4 g5 17. Qd3 g4 18. Nb5 Qg5+ 19. Rd2 Bxb5 20. Rxb5
Re5 21. Rxe5 Qxe5 22. f4 gxf3 23. Qxf3 Kb8 24. Rd1 Rg8 25. Rf1 Rg6 26. Qd3 h5
27. Rf5 Qe6 28. Qf3 c6 29. a4 d5 30. e5 Nd7 31. Qxh5 Ka7 32. Kb1 Qe7 33. Bh3 d4
34. Qd1 Rh6 35. Bf1 Qb4 36. Rf4 Nxe5 37. Rxd4 Qc5 38. h3 Rf6 39. c3 Rf2 40. Be2
Qe7 41. a5 Qf6 42. axb6+ Kxb6 43. Re4 Kc7 44. Ka2 Nd7 45. Qd4 Qxd4 46. cxd4 f5
47. Re3 f4 48. gxf4 Rxf4 1/2-1/2

[Event "Asian Nations Cup w 2016"]
[Site "Abu Dhabi UAE"]
[Date "2016.04.03"]
[Round "7.2"]
[White "Hoang, Thi Bao Tram"]
[Black "Kurbonboeva, Sarvinoz"]
[Result "1/2-1/2"]
[WhiteTitle "WGM"]
[BlackTitle "WIM"]
[WhiteElo "2283"]
[BlackElo "2172"]
[WhiteTeam "Vietnam"]
[BlackTeam "Uzbekistan"]
[WhiteFideId "12401102"]
[BlackFideId "14201780"]
[EventDate "2016.03.28"]
[EventType "team"]

1. d4 d5 2. c4 e6 3. Nc3 c6 4. e3 Nf6 5. Nf3 Nbd7 6. Qc2 Bd6 7. b3 O-O 8. Bb2 b6
9. Be2 Bb7 10. h3 Qe7 11. O-O Rfd8 12. Rad1 Rac8 13. e4 dxe4 14. Nxe4 Nxe4 15.
Qxe4 Nf6 16. Qh4 c5 17. Ne5 cxd4 18. Bxd4 Ne4 19. Qxe7 Bxe7 20. Bb2 Bc5 21. Nd3
Ng3 22. Rfe1 Nxe2+ 23. Rxe2 Rd7 24. Red2 Rcd8 25. Bc3 Be7 26. Nc1 Rxd2 27. Rxd2
Rxd2 28. Bxd2 e5 29. Ne2 f6 30. Nc3 Bb4 31. f3 Kf7 32. Kf2 Ke6 33. Ke2 Bc6 34.
Kd3 f5 35. Ke2 g6 36. Kf2 Bc5+ 37. Ke2 Bb4 38. Kf2 Be7 39. Ke2 g5 40. Be3 h6 41.
a4 Bb4 1/2-1/2

[Event "Asian Nations Cup w 2016"]
[Site "Abu Dhabi UAE"]
[Date "2016.04.03"]
[Round "7.3"]
[White "Gevorgyan, Irina"]
[Black "Nguyen, Thi Mai Hung"]
[Result "1-0"]
[WhiteTitle "WIM"]
[BlackTitle "WGM"]
[WhiteElo "2281"]
[BlackElo "2282"]
[WhiteTeam "Uzbekistan"]
[BlackTeam "Vietnam"]
[WhiteFideId "14201437"]
[BlackFideId "12401676"]
[EventDate "2016.03.28"]
[EventType "team"]

1. d4 d5 2. c4 c6 3. Nc3 Nf6 4. e3 e6 5. Nf3 Nbd7 6. Bd3 Bd6 7. O-O O-O 8. e4
dxc4 9. Bxc4 e5 10. Be3 Qe7 11. h3 exd4 12. Bxd4 Ne5 13. Nxe5 Bxe5 14. f4 Bxd4+
15. Qxd4 Rd8 16. Qe3 Nd5 17. Bxd5 cxd5 18. Rad1 dxe4 19. Nd5 Qf8 20. f5 f6 21.
Qxe4 Bd7 22. Ne7+ Kh8 23. Rfe1 b6 24. b4 Be8 25. Rxd8 Rxd8 26. Qh4 Qf7 27. Re4
Qxa2 28. Qxh7+ 1-0

[Event "Asian Nations Cup w 2016"]
[Site "Abu Dhabi UAE"]
[Date "2016.04.03"]
[Round "7.4"]
[White "Nguyen, Thi Thanh An"]
[Black "Tokhirjonova, Gulrukhbegim"]
[Result "1/2-1/2"]
[WhiteTitle "WGM"]
[BlackTitle "WIM"]
[WhiteElo "2239"]
[BlackElo "2259"]
[WhiteTeam "Vietnam"]
[BlackTeam "Uzbekistan"]
[WhiteFideId "12400300"]
[BlackFideId "14203626"]
[EventDate "2016.03.28"]
[EventType "team"]

1. c4 c6 2. Nf3 d5 3. e3 Nf6 4. Nc3 Bf5 5. cxd5 Nxd5 6. d4 e6 7. Be2 Be7 8. O-O
Nd7 9. Nd2 N7f6 10. Nc4 O-O 11. f3 Nb6 12. e4 Bg6 13. Be3 Nxc4 14. Bxc4 Qa5 15.
Qd2 Kh8 16. a3 Rfd8 17. Qf2 h6 18. Rfd1 Nd7 19. b4 Qc7 20. Qb2 e5 21. d5 a5 22.
Bf1 f5 23. Rac1 Qb8 24. exf5 Bxf5 25. b5 a4 26. dxc6 bxc6 27. b6 Qb7 28. Ne4
Bxe4 29. fxe4 c5 30. Rd5 Rab8 31. Rcd1 Qc8 32. Qc2 Rxb6 33. Qxa4 Nf6 34. Rxd8+
Bxd8 35. h3 Be7 36. Bf2 Qb7 37. Re1 Rb2 38. Qc4 Qb3 39. Qxb3 Rxb3 40. a4 Ra3 41.
Bb5 c4 42. Bxc4 Rxa4 43. Bd5 Ra5 44. Be6 g6 45. Kf1 Bc5 46. Bh4 g5 47. Bf2 Kg7
48. g4 h5 49. gxh5 Nxh5 50. Rc1 Bxf2 51. Kxf2 Nf4 52. Rc7+ Kf6 53. Bf5 Ra3 54.
Rc6+ Kg7 55. Rc7+ Kf6 56. Rh7 Rc3 57. Kf1 Rc1+ 58. Kf2 Rc3 59. Kg1 Rc2 60. Kf1
Rc1+ 61. Kf2 Rc3 62. Kf1 Rc1+ 1/2-1/2

[Event "Asian Nations Cup w 2016"]
[Site "Abu Dhabi UAE"]
[Date "2016.04.04"]
[Round "8.1"]
[White "Ju, Wenjun"]
[Black "Pham, Le Thao Nguyen"]
[Result "1-0"]
[WhiteTitle "GM"]
[BlackTitle "IM"]
[WhiteElo "2568"]
[BlackElo "2335"]
[WhiteTeam "China"]
[BlackTeam "Vietnam"]
[WhiteFideId "8603006"]
[BlackFideId "12401226"]
[EventDate "2016.03.28"]

1. d4 Nf6 2. c4 e6 3. Nc3 d5 4. cxd5 exd5 5. Bg5 c6 6. e3 Bf5 7. Qf3 Bg6 8. Bxf6
Qxf6 9. Qxf6 gxf6 10. Nf3 Nd7 11. Nh4 Nb6 12. f4 f5 13. Bd3 Be7 14. Nxf5 Bb4 15.
O-O-O Bxf5 16. Bxf5 Nc4 17. Bd3 Bxc3 18. bxc3 h5 19. Bxc4 dxc4 20. d5 Rc8 21. e4
h4 22. Rhf1 cxd5 23. Rxd5 Rh6 24. Rf2 Rc7 25. f5 f6 26. Kd2 Rg7 27. Ke3 h3 28.
g3 Rxg3+ 29. hxg3 h2 30. Rfd2 1-0